| 000 | 00444nam a2200157Ia 4500 | ||
|---|---|---|---|
| 999 |
_c536 _d536 |
||
| 020 | _a0-7100-9556-2 | ||
| 082 | _aRR 364.03 DIC; | ||
| 245 | 0 | _aDictionary of criminology | |
| 260 |
_aLondon _bRoutledge & Kegan Paul _c1983 |
||
| 300 | _axi, 242p. | ||
| 650 | _aCriminology - Dictionaries - England | ||
| 650 | _aCriminal justice, Administration of - Dictionaries - England | ||
| 700 | _aWalsh, Dermot | ||
| 700 | _aPoole, Adrian | ||
| 942 | _cBK | ||